000 00697nam a22001817a 4500
999 _c371254
_d371254
008 201127b ||||| |||| 00| 0 eng d
040 _aDE-2950
_bger
_cDE-2950
_erda
041 _ager
245 _aFrankfurter HC trennt sich vom Trainer.
_bHandball: Steffen Obst wird den ambitionierten Drittligisten trotz sportlicher Erfolge nicht mehr coachen /
_cmbr.
264 _c2021
653 _aFrankfurt (Oder)
653 _aFrauenhandball-Club (FHC)
773 _dFrankfurt (Oder) Märkisches Verlags- und Druckhaus GmbH & Co KG
_tMärkische Oderzeitung
_g32. Jahrgang (2021) Nr. 296 vom 18./19.12.2021, S. 25
942 _cA